Prime residential markets in London and GB (Record no. 110622)

MARC details
000 -LEADER
fixed length control field 01079cad a22002415a 4500
001 - CONTROL NUMBER
control field L149775
008 - FIXED-LENGTH DATA ELEMENTS--GENERAL INFORMATION
fixed length control field 100422s2010 xxkdo f 000 0 eng d
035 ## - SYSTEM CONTROL NUMBER
System control number (Sirsi) u149775
041 0# - LANGUAGE CODE
Language code of text/sound track or separate title eng
050 04 - LIBRARY OF CONGRESS CALL NUMBER
Classification number 333.33 $2 18
110 2# - MAIN ENTRY--CORPORATE NAME
Corporate name or jurisdiction name as entry element Savills Research
9 (RLIN) 5211
245 00 - TITLE STATEMENT
Title Prime residential markets in London and GB
Remainder of title April 2010
Medium [electronic resource]
260 ## - PUBLICATION, DISTRIBUTION, ETC.
Place of publication, distribution, etc. London
Name of publisher, distributor, etc. Savills
Date of publication, distribution, etc. 2010
490 #0 - SERIES STATEMENT
Series statement Savills Market in Minutes
Volume/sequential designation April 2010
520 ## - SUMMARY, ETC.
Summary, etc. Prime residential market in London and in the UK for the first quarter 2010. Prime markets in London improved as sales increased by 3% in Central London. Rental values rose by 2.8% due to low level supply as landlords put their properties onto the market. Prime regional prices rose by 2%.
521 ## - TARGET AUDIENCE NOTE
Target audience note Advanced
590 ## - LOCAL NOTE (RLIN)
Local note KA NTK
650 24 - SUBJECT ADDED ENTRY--TOPICAL TERM
Topical term or geographic name entry element SAVILLS MARKET IN MINUTES
651 #4 - SUBJECT ADDED ENTRY--GEOGRAPHIC NAME
Geographic name United Kingdom
Chronological subdivision
690 ## - LOCAL SUBJECT ADDED ENTRY--TOPICAL TERM (OCLC, RLIN)
Topical term or geographic name as entry element Residential property
9 (RLIN) 6266
856 40 - ELECTRONIC LOCATION AND ACCESS
Uniform Resource Identifier <a href="https://www.savills.co.uk/research/Report.aspx?nodeID=11234#">https://www.savills.co.uk/research/Report.aspx?nodeID=11234#</a>
Public note View the report free of charge (after registration) at www.savills.co.uk
942 ## - ADDED ENTRY ELEMENTS (KOHA)
Suppress in OPAC 0
Holdings
Withdrawn status Lost status Source of classification or shelving scheme Damaged status Not for loan Home library Current library Shelving location Date acquired Total Checkouts Full call number Barcode Date last seen Copy number Price effective from Koha item type
    Dewey Decimal Classification     Virtual Virtual Online 22/04/2010   ONLINE PUBLICATION 149775-2001 06/08/2019 1 06/08/2019 Book